| 000 | 01879nam a2200409 a 4500 | ||
|---|---|---|---|
| 999 |
_c65964 _d65964 |
||
| 003 | BLK | ||
| 005 | 20250119004139.0 | ||
| 008 | 180408b bul|||||r ||||||| ||bul|| | ||
| 010 | _aKNG00070249000 | ||
| 020 | _a954-8615-60-6 | ||
| 040 | _aBLK | ||
| 041 |
_aBUL _cBUL |
||
| 080 |
_aПериод на феодализма в българските земи (VII век -I пол. на XVIII век) _b94(497.2)"06/17" _z94(497.2)"06/17" |
||
| 080 |
_aВоенна история - Военни походи, битки, героични подвизи. Вж и 93/99 _b355.48 _x(497.2) _z355.48(497.2) |
||
| 100 | 1 |
_aТренев, Александър Иванов _eпърви автор _9292712 |
|
| 139 |
_aТренев, Александър Иванов _bТ 82 |
||
| 245 | 1 | 0 |
_aВеликите битки и борби на българите през Средновековието _bИл. енциклопедия _cАлександър Иванов Тренев; ил. Александър Петров Въчков. |
| 257 | _aBGR | ||
| 260 |
_bСветовна библ. _c2006 _aСофия |
||
| 300 |
_a76 с. _bс цв. ил., к. _c29 см |
||
| 380 | _aDN | ||
| 500 | _aСъдържа и Азбучен показалец / Васил Лаков | ||
| 650 | 4 |
_aВоенно дело - България - история _9265078 |
|
| 650 | 7 |
_aБългария - история, средни векове _2 _9149610 |
|
| 653 | _aвоенна история | ||
| 653 | _aСредновековие | ||
| 653 | _aБългария | ||
| 653 | _aбитки | ||
| 700 | 1 |
_aВъчков, Александър Петров _eил. _9370607 |
|
| 852 |
_aЦб ІІ 14198 _bЦб |
||
| 856 | 4 | _qpdf | |
| 856 | 4 | _qpdf | |
| 942 |
_cKNG _n0 _06 _s1 |
||
| 944 |
_aCR _c27.12.2006 _k _lCRON CRON |
||
| 944 |
_aED _c01.10.2008 |
||
| 999 | _d65964 | ||